| 000 | 01867nam0a2200385 4500 | ||
|---|---|---|---|
| 001 | RU\NLR\bibl\1779999 | ||
| 005 | 20260405235556.0 | ||
| 010 |
_a978-5-228-00392-7 _9300 |
||
| 021 |
_aRU _b2011-38462 _92745 |
||
| 035 | _a(nilc)RSL-KNO-004949175 | ||
| 035 | _a(NLR Aleph) 001770756 | ||
| 090 |
_a1636333 _c1636333 |
||
| 100 | _a20110531d2010 |||y0rusy50 ca | ||
| 101 | 0 | _arus | |
| 102 | _aRU | ||
| 105 | _aa ||||||||| | ||
| 200 | 1 |
_aСтруйные технологии в машиностроении _eмонография _fД.А. Иванов, А.В. Васильева _gМ-во образования и науки Рос. Федерации, С.-Петерб. гос. ун-т сервиса и экономики (СПбГУСЭ) |
|
| 210 |
_aСанкт-Петербург _cИзд-во СПбГУСЭ _d2010 |
||
| 215 |
_a147 с. _cил., табл. _d21 |
||
| 320 | _aБиблиогр.: с. 139-147 (114 назв.) | ||
| 606 | 1 |
_aАбразивная обработка металлов струйная _91087491 _3RU\NLR\auth\66107093 |
|
| 610 | 0 | _aгазоструйная обработка металлов | |
| 610 | 0 | _aжидкоструйная обработка металлов | |
| 686 |
_aК585,0 _2rubbk |
||
| 686 | _aК637.008.5 | ||
| 700 | 1 |
_4070 _7ca _8rus _aИванов _bД. А. _cканд. техн. наук, гостиничный бизнес, авиатехника _f1971- _gДенис Анатольевич _934428 _3RU\NLR\AUTH\7751494 |
|
| 701 | 1 |
_4070 _8rus _7ca _aВасильева _bА. В. _cканд. техн. наук _gАнна Вячеславовна _3RU\NLR\auth\77109184 _992109 |
|
| 801 | 0 |
_aRU _bRuMoRKP _c20110531 _grcr |
|
| 801 | 1 |
_aRU _bРГБ _c20110531 |
|
| 801 | 2 |
_aRU _bNLR _c20110615 _grcr |
|
| 830 | _aавт. раскрыты в кн. | ||
| 942 | _cBOOK | ||
| 980 | _aNB | ||